000 00866nam a2200253 i 4500
001 80803
003 ES-MaACL
005 20250329173411.0
007 t|
008 041029s1974 sp ||||1| spa d
080 _a1 Marx, Karl
100 1 _aHook, Sidney.
_964148
245 1 3 _aLa génesis del pensamiento filosófico de Marx :
_b(de Hegel a Feuerbach) /
_cSidney Hook ; [traducción de Jacobo Muñoz y Josep Puig].
250 _a1ª ed.
260 _a[Barcelona] :
_bBarral,
_c1974.
300 _a381 p. ;
_c20 cm.
490 1 _aBreve biblioteca de respuesta ;
_v116
600 1 4 _aMarx, Karl,
_d1818-1883-
_xCrítica e interpretación
_978591
700 1 _aMuñoz, Jacobo.
_9137824
700 1 _aPuig Montada, Josep.
_9174502
830 1 _aBreve biblioteca de respuesta
_v116
_9183536
852 4 _aES-MaACL
_jE-6137
999 _c80803
_d80803